00541nam a22001697a 450000500170000001000150001702000310003203500140006303700130007708200150009010000200010524500630012525000090018826000380019727001140023530000220034920210813152218.0 aENG-129855 c1175.00a978-93-84402-32-7 aEN-113387 bDBAD/PUB a954.035092 aMishra,Saroj Kr aDr. Bhim Rao Ambedkar:cSaroj Kr.Mishrabman of milennium/ a2018 bGyan Geeta Prakashanc2018aDelhi k09716234769mgyangeetaprakashan@gmail.comaF-7,GALI NO-1,Panchsheel garden Ext.Naveen ShahdarabDelhie110032 a288p.c24cm (pbk)